000 01096nam a2200313 i 4500
003 EG-GICUC
005 20260121101053.0
008 251027s1994 ua ||||fr|||| 000 0 ara d
017 _a1993/9736
020 _a9770242810
040 _a EG-GICUC
_bara
_c EG-GICUC
_d EG-GICUC
_erda
041 0 _aara
082 0 4 _221
_a341.77
_bي ح . إ
092 0 4 _221
099 _aLaw1 11 341.77 ي ح . إ 1994
100 1 _aيحيي أحمد البنا
_eمؤلف.
245 1 0 _aالإرهاب الدولي و مسئولية شركات الطيران/
_cيحيي أحمد البنا.
264 1 _aالإسكندرية:
_bمنشأة المعارف,
_c1994.
300 _a؛364 صفحة
_c24 سم
336 _2rda content
_atext
337 _2rda media
_aComputer
338 _2rda carrier
_aOnline Resource
546 _aالنص باللغة العربية
650 1 4 _aالقانون الدولي العام
650 1 4 _aالقانون الدولي الجنائي
856 4 0 _uhttps://fll.law.cu.edu.eg/fulltext/bks/B11-04673.pdf
905 _aLogain Ashraf
942 _2ddc
_cBK
_e21
_n0
999 _c37911
_d37911